[Event "Qatar Masters Open 2014"]
[Site "Doha QAT"]
[Date "2014.11.30"]
[Round "5.26"]
[White "Naroditsky, Daniel"]
[Black "Donchenko, Alexander"]
[Result "1-0"]
[WhiteElo "2620"]
[BlackElo "2523"]
[PlyCount "79"]
[EventDate "2014.11.26"]
[EventType "swiss"]
[EventRounds "9"]
[EventCountry "QAT"]
[Source "lmi"]
[SourceDate "2014.11.26"]

1. Nf3 Nf6 2. c4 e6 3. Nc3 d5 4. d4 dxc4 5. e4 Bb4 6. Bxc4 Nxe4 7. O-O Nxc3 8.
bxc3 Be7 9. Ne5 Nc6 10. Qg4 O-O 11. Re1 Bf6 12. Rb1 Qe7 13. Bd3 g6 14. Nc4 Qd8
15. Qf3 Bg7 16. Be4 Re8 17. Bxc6 bxc6 18. Qxc6 Bd7 19. Qf3 Qe7 20. Bf4 Rec8 21.
Rb7 Qe8 22. Rxc7 Rxc7 23. Bxc7 Bc6 24. Qf4 Bd5 25. Ne3 Bxa2 26. Be5 f5 27. Bxg7
Kxg7 28. Qe5+ Kg8 29. Ra1 Bb3 30. c4 Ba4 31. Rxa4 Qxa4 32. Qxe6+ Kf8 33. Qf6+
Kg8 34. Qe6+ Kf8 35. Qd6+ Kg7 36. Qe5+ Kh6 37. g4 Rf8 38. g5+ Kxg5 39. Qe7+ Rf6
40. h4+ 1-0

[Event "Qatar Masters Open 2014"]
[Site "Doha QAT"]
[Date "2014.11.30"]
[Round "5.27"]
[White "Hamdouchi, Hicham"]
[Black "Khotenashvili, Bela"]
[Result "1/2-1/2"]
[WhiteElo "2616"]
[BlackElo "2504"]
[PlyCount "124"]
[EventDate "2014.11.26"]
[EventType "swiss"]
[EventRounds "9"]
[EventCountry "QAT"]
[Source "lmi"]
[SourceDate "2014.11.26"]

1. e4 c6 2. Nc3 d5 3. Nf3 Nf6 4. e5 Ne4 5. d4 Bg4 6. h3 Nxc3 7. bxc3 Bxf3 8.
Qxf3 e6 9. h4 c5 10. Rb1 Qc7 11. Bb5+ Nc6 12. O-O c4 13. h5 a6 14. Bxc6+ Qxc6
15. Bg5 Qc7 16. Qg4 Ba3 17. Bh4 g6 18. Bf6 Rf8 19. Qf4 Be7 20. Rb2 Ba3 21. Rbb1
Be7 22. Qh4 Rb8 23. a4 b6 24. Rb2 Ba3 25. Ra2 Be7 26. Rb1 Bxf6 27. Qxf6 gxh5
28. Rab2 Kd7 29. Qg5 Kc6 30. Qxh5 Qe7 31. Qxh7 Qa3 32. Qh4 Rb7 33. Qh6 Rg8 34.
Qh7 Rgb8 35. Qh3 Qxa4 36. f4 Qa3 37. f5 Qe7 38. Rf1 a5 39. Ra2 Kb5 40. Qh5 Rg8
41. Raa1 Qg5 42. Qh3 Qg3 43. Rf3 Qxh3 44. Rxh3 exf5 45. Kf2 f6 46. Rb1+ Ka6 47.
exf6 Rf7 48. Rh6 Rgf8 49. Kf3 Rxf6 50. Rxf6 Rxf6 51. Kf4 Rg6 52. Rg1 Kb5 53. g3
a4 54. Kxf5 Rg8 55. g4 a3 56. Ra1 Ka4 57. g5 Rf8+ 58. Ke6 Rg8 59. Kf6 Rf8+ 60.
Ke5 Rg8 61. Kf5 Rf8+ 62. Ke6 Rg8 1/2-1/2

[Event "Qatar Masters Open 2014"]
[Site "Doha QAT"]
[Date "2014.11.30"]
[Round "5.29"]
[White "Batsiashvili, Nino"]
[Black "Jobava, Baadur"]
[Result "0-1"]
[WhiteElo "2442"]
[BlackElo "2722"]
[PlyCount "118"]
[EventDate "2014.11.26"]
[EventType "swiss"]
[EventRounds "9"]
[EventCountry "QAT"]
[Source "lmi"]
[SourceDate "2014.11.26"]

1. d4 Nf6 2. c4 g6 3. Nc3 Bg7 4. e4 O-O 5. Be2 c6 6. e5 Ne8 7. f4 d6 8. Nf3 Bg4
9. O-O Nc7 10. Be3 f6 11. exd6 exd6 12. h3 Bxf3 13. Bxf3 f5 14. d5 c5 15. Qd3
Nd7 16. Rae1 a6 17. a4 Qh4 18. Kh2 Rae8 19. g3 Qd8 20. Bf2 h5 21. Rxe8 Rxe8 22.
Re1 Nf6 23. Rxe8+ Ncxe8 24. Qe2 Kf8 25. Be1 Bh6 26. Qe3 Ng7 27. Ne2 Kf7 28. Kg2
b6 29. b3 Qd7 30. Nc3 Nh7 31. Be2 g5 32. Bd3 gxf4 33. gxf4 Nf8 34. Ne2 Ng6 35.
Bc3 Qd8 36. Qg3 h4 37. Qf3 Bxf4 38. Nxf4 Qg5+ 39. Kh1 Nxf4 40. Bd2 Ngh5 41. Bf1
Kg6 42. Be1 Qe7 43. Bf2 Kg5 44. Kg1 Qe4 45. Qc3 Qb1 46. Qe3 Qe4 47. Qc3 a5 48.
Qh8 Qe7 49. Qg8+ Ng6 50. Qb8 Ng3 51. Bg2 Ne2+ 52. Kh1 Ne5 53. Qg8+ Kf4 54. Qe6
Qf8 55. Bxh4 Nd4 56. Qe7 Qh6 57. Bf6 Kg3 58. Bxe5+ dxe5 59. Qxe5+ Kf2 0-1

[Event "Qatar Masters Open 2014"]
[Site "Doha QAT"]
[Date "2014.11.30"]
[Round "5.30"]
[White "Fedorchuk, Sergey A"]
[Black "Chandra, Akshat"]
[Result "1-0"]
[WhiteElo "2664"]
[BlackElo "2489"]
[PlyCount "109"]
[EventDate "2014.11.26"]
[EventType "swiss"]
[EventRounds "9"]
[EventCountry "QAT"]
[Source "lmi"]
[SourceDate "2014.11.26"]

1. e4 c5 2. Nf3 e6 3. d4 cxd4 4. Nxd4 Nc6 5. Nc3 Qc7 6. Be2 Nf6 7. O-O Be7 8.
Be3 O-O 9. f4 d6 10. Ndb5 Qb8 11. a4 a6 12. Na3 b6 13. Nc4 Nd7 14. Qd2 Na5 15.
Rad1 Nxc4 16. Bxc4 Qc7 17. Qe2 Re8 18. Rf3 Bb7 19. Rh3 Bf6 20. Bd3 g6 21. Qf2
Nc5 22. f5 Qe7 23. Rf1 exf5 24. exf5 g5 25. Kh1 Kh8 26. Bc4 Rac8 27. Bd5 g4 28.
Rg3 Bxc3 29. Bxb7 Qxb7 30. bxc3 Ne4 31. Bd4+ f6 32. Qf4 Nxg3+ 33. hxg3 Qe7 34.
Rb1 b5 35. axb5 axb5 36. Rxb5 Rb8 37. Qg5 Rxb5 38. Bxf6+ Qxf6 39. Qxf6+ Kg8 40.
Qg5+ Kh8 41. Qxg4 Rf8 42. Qd4+ Re5 43. g4 Rf6 44. Kh2 Kg8 45. Kg3 h5 46. c4 Kf7
47. Qd3 Ke7 48. Kf4 hxg4 49. Kxg4 Rf8 50. Kf4 Rh8 51. g4 Rh2 52. Kg5 Rh8 53.
Qb3 Rg8+ 54. Kf4 Rc5 55. Qe3+ 1-0

[Event "Qatar Masters Open 2014"]
[Site "Doha QAT"]
[Date "2014.11.30"]
[Round "5.31"]
[White "Kuzubov, Yuriy"]
[Black "Javakhishvili, Lela"]
[Result "1-0"]
[WhiteElo "2661"]
[BlackElo "2486"]
[PlyCount "119"]
[EventDate "2014.11.26"]
[EventType "swiss"]
[EventRounds "9"]
[EventCountry "QAT"]
[Source "lmi"]
[SourceDate "2014.11.26"]

1. Nf3 Nf6 2. c4 e6 3. g3 d5 4. d4 Bb4+ 5. Bd2 Bxd2+ 6. Qxd2 O-O 7. Bg2 Qe7 8.
O-O Nc6 9. Qc3 Rd8 10. Rd1 dxc4 11. Na3 Qb4 12. Qxb4 Nxb4 13. Nxc4 Bd7 14. Nfe5
Rab8 15. a3 Nbd5 16. Rac1 Bb5 17. e4 Ne7 18. Ne3 c6 19. f4 Nd7 20. N5c4 Bxc4
21. Nxc4 Nb6 22. Na5 f5 23. Nb3 Nd7 24. Re1 Kf7 25. Rcd1 Nf6 26. Nc5 fxe4 27.
Bxe4 Rd6 28. Bc2 b6 29. Nd3 Rbd8 30. Ne5+ Kf8 31. Nf3 Nf5 32. Ng5 Nxd4 33. Rxd4
Rxd4 34. Nxe6+ Kf7 35. Bb3 Kg6 36. Nxd8 Rxd8 37. Re2 h5 38. Kg2 h4 39. Bc2+ Kf7
40. Kf3 hxg3 41. hxg3 Rd4 42. g4 Nd5 43. f5 Rf4+ 44. Kg3 Rf1 45. Bb3 Kf8 46.
Bxd5 cxd5 47. Kh4 g6 48. fxg6 d4 49. Rd2 Kg7 50. Rxd4 Kxg6 51. Rd6+ Kg7 52.
Rd7+ Kg6 53. Rxa7 Rh1+ 54. Kg3 Rb1 55. b4 Kg5 56. Kf3 Re1 57. Rg7+ Kf6 58. Rb7
Re6 59. Rh7 Kg6 60. Rh5 1-0

[Event "Qatar Masters Open 2014"]
[Site "Doha QAT"]
[Date "2014.11.30"]
[Round "5.32"]
[White "Rakhmanov, Aleksandr"]
[Black "Debashis, Das"]
[Result "1/2-1/2"]
[WhiteElo "2636"]
[BlackElo "2485"]
[PlyCount "123"]
[EventDate "2014.11.26"]
[EventType "swiss"]
[EventRounds "9"]
[EventCountry "QAT"]
[Source "lmi"]
[SourceDate "2014.11.26"]

1. d4 d5 2. Nf3 Nf6 3. g3 c6 4. Bg2 Bg4 5. O-O e6 6. c4 Nbd7 7. Qb3 Qb6 8. Nc3
Be7 9. c5 Qa6 10. Bf4 b6 11. cxb6 axb6 12. h3 Bh5 13. g4 Bg6 14. Nh4 O-O 15.
Rac1 Nxg4 16. Nxg6 fxg6 17. Bg3 Ngf6 18. e4 Rfe8 19. Rfe1 Bf8 20. a4 Kh8 21.
Re2 Qa5 22. Qd1 Qb4 23. Bf3 Nh5 24. Bxh5 gxh5 25. Rec2 Nf6 26. Re2 Qa5 27. Re3
c5 28. Re1 cxd4 29. Qxd4 e5 30. Qd1 d4 31. Nb5 Bb4 32. Re2 Rad8 33. Qd3 Qxa4
34. Nc7 Re7 35. Bh4 g5 36. Bg3 Bd6 37. Nd5 Rf7 38. Nxb6 Qe8 39. Rec2 Kg7 40.
Nd5 Qe6 41. Nxf6 Rxf6 42. Rc6 h4 43. Bh2 g4 44. hxg4 Qxg4+ 45. Kh1 Rg6 46. Rg1
Qd7 47. Rcc1 Bb8 48. Qf3 Rf8 49. Qh5 Rxf2 50. Bxe5+ Bxe5 51. Qxe5+ Kg8 52. Qd5+
Qxd5 53. exd5 Kf7 54. Rgf1 Rxf1+ 55. Rxf1+ Rf6 56. Rd1 Rf4 57. b4 Kf6 58. Re1
d3 59. b5 d2 60. Rd1 Rd4 61. b6 Rxd5 62. b7 1/2-1/2

[Event "Qatar Masters Open 2014"]
[Site "Doha QAT"]
[Date "2014.11.30"]
[Round "5.33"]
[White "Tari, Aryan"]
[Black "Adhiban, Baskaran"]
[Result "0-1"]
[WhiteElo "2479"]
[BlackElo "2630"]
[PlyCount "76"]
[EventDate "2014.11.26"]
[EventType "swiss"]
[EventRounds "9"]
[EventCountry "QAT"]
[Source "lmi"]
[SourceDate "2014.11.26"]

1. e4 c5 2. Nf3 d6 3. Bb5+ Nd7 4. O-O Ngf6 5. Re1 a6 6. Bf1 b6 7. d4 cxd4 8.
Nxd4 Bb7 9. f3 e6 10. c4 Be7 11. Nc3 O-O 12. Bg5 Rc8 13. Qd2 Qc7 14. Rac1 Qb8
15. Bf4 Bd8 16. Nde2 Ne5 17. b3 Nh5 18. Be3 Bc7 19. h3 Ba8 20. f4 Ng6 21. f5
Ne5 22. Nd4 Rfe8 23. g4 Nf6 24. Bg2 b5 25. g5 Nfd7 26. cxb5 Ba5 27. a3 axb5 28.
fxe6 fxe6 29. b4 Nc4 30. Qa2 Nxe3 31. bxa5 Nxg2 32. Kxg2 d5 33. Ndxb5 dxe4 34.
Re3 Ne5 35. Qe2 Nd3 36. Rf1 Nf4+ 37. Rxf4 Qxf4 38. Qf2 Qxg5+ 0-1

[Event "Qatar Masters Open 2014"]
[Site "Doha QAT"]
[Date "2014.11.30"]
[Round "5.34"]
[White "Huang, Qian"]
[Black "Mchedlishvili, Mikheil"]
[Result "1/2-1/2"]
[WhiteElo "2464"]
[BlackElo "2622"]
[PlyCount "53"]
[EventDate "2014.11.26"]
[EventType "swiss"]
[EventRounds "9"]
[EventCountry "QAT"]
[Source "lmi"]
[SourceDate "2014.11.26"]

1. d4 Nf6 2. Nf3 e6 3. g3 b5 4. Bg2 Bb7 5. O-O c5 6. a4 b4 7. c4 bxc3 8. bxc3
cxd4 9. cxd4 Na6 10. Nc3 Nb4 11. a5 Be7 12. Ne5 Bxg2 13. Kxg2 O-O 14. Bd2 Qc8
15. Qa4 Rb8 16. Kg1 d6 17. Nf3 Qa6 18. Rfb1 Nbd5 19. Nxd5 Nxd5 20. Kf1 h6 21.
Rxb8 Rxb8 22. Rc1 Rc8 23. Rb1 Rc6 24. Rb8+ Rc8 25. Rb1 Rc6 26. Rb8+ Rc8 27. Rb1
1/2-1/2

[Event "Qatar Masters Open 2014"]
[Site "Doha QAT"]
[Date "2014.11.30"]
[Round "5.35"]
[White "Mista, Aleksander"]
[Black "Aravindh, Chithambaram Vr"]
[Result "0-1"]
[WhiteElo "2616"]
[BlackElo "2485"]
[PlyCount "62"]
[EventDate "2014.11.26"]
[EventType "swiss"]
[EventRounds "9"]
[EventCountry "QAT"]
[Source "lmi"]
[SourceDate "2014.11.26"]

1. c4 e5 2. g3 Nf6 3. Bg2 d5 4. cxd5 Nxd5 5. Nc3 Nb6 6. Nf3 Nc6 7. O-O Be7 8.
a3 O-O 9. b4 Re8 10. Rb1 Bf8 11. d3 a5 12. b5 Nd4 13. Nd2 a4 14. e3 Ne6 15. Nf3
Nc5 16. d4 exd4 17. Nxd4 Qf6 18. Qc2 Qg6 19. e4 Bg4 20. f3 Rad8 21. Nce2 Bc8
22. Bb2 f6 23. Ba1 Qf7 24. Rfc1 Ne6 25. Nxe6 Bxe6 26. Qxc7 Rd1+ 27. Kf2 Qxc7
28. Rxc7 Rxb1 29. Bd4 Nc4 30. Nf4 Nxa3 31. Nxe6 Nxb5 0-1

[Event "Qatar Masters Open 2014"]
[Site "Doha QAT"]
[Date "2014.11.30"]
[Round "5.36"]
[White "Socko, Bartosz"]
[Black "Potapov, Pavel"]
[Result "1/2-1/2"]
[WhiteElo "2614"]
[BlackElo "2479"]
[PlyCount "121"]
[EventDate "2014.11.26"]
[EventType "swiss"]
[EventRounds "9"]
[EventCountry "QAT"]
[Source "lmi"]
[SourceDate "2014.11.26"]

1. e4 c5 2. Nf3 Nc6 3. d4 cxd4 4. Nxd4 e5 5. Nb5 d6 6. c4 Be7 7. N1c3 a6 8. Na3
f5 9. exf5 Bxf5 10. Bd3 Be6 11. O-O Nf6 12. Nc2 Qd7 13. b3 O-O 14. Nd5 Bd8 15.
Nxf6+ gxf6 16. Ba3 Bc7 17. f4 Kh8 18. Kh1 Qg7 19. Ne3 Rad8 20. fxe5 fxe5 21.
Qh5 Nd4 22. Nd5 Bxd5 23. cxd5 Rg8 24. Rf2 Bb6 25. Be4 Rd7 26. Raf1 Qg4 27. Qxg4
Rxg4 28. Bb1 Nb5 29. Rf8+ Rg8 30. Rxg8+ Kxg8 31. Bf5 Rc7 32. Bc1 Kg7 33. g4 h6
34. Be6 Nd4 35. g5 h5 36. Be3 Bc5 37. Bxd4 Bxd4 38. Bf5 h4 39. Kg2 Be3 40. g6
Bf4 41. h3 Rc3 42. Rf3 Rc1 43. Rf2 Rc3 44. Rc2 Rxc2+ 45. Bxc2 a5 46. Kf3 b6 47.
Kg4 Bg3 48. Kf5 Bf2 49. Ke6 Bc5 50. Kd7 Kf6 51. Kc6 Kg7 52. Kb5 Kf6 53. Ka4 Be3
54. a3 Bc1 55. b4 axb4 56. axb4 Bd2 57. Kb5 Be1 58. Bf5 Kg7 59. Bc2 Kf6 60. Bf5
Kg7 61. Bc2 1/2-1/2

[Event "Qatar Masters Open 2014"]
[Site "Doha QAT"]
[Date "2014.11.30"]
[Round "5.37"]
[White "Ipatov, Alexander"]
[Black "Zhukova, Natalia"]
[Result "1/2-1/2"]
[WhiteElo "2608"]
[BlackElo "2470"]
[PlyCount "142"]
[EventDate "2014.11.26"]
[EventType "swiss"]
[EventRounds "9"]
[EventCountry "QAT"]
[Source "lmi"]
[SourceDate "2014.11.26"]

1. d4 d5 2. c4 e6 3. Nf3 Nf6 4. Bg5 Bb4+ 5. Nc3 h6 6. Bxf6 Qxf6 7. e3 O-O 8.
Rc1 dxc4 9. Bxc4 c5 10. dxc5 Bxc5 11. Qc2 Bd7 12. O-O Bb6 13. Ne4 Qe7 14. Rfd1
Nc6 15. a3 Rfd8 16. Nd6 Rab8 17. Qe4 Bc7 18. Bd3 g6 19. Nb5 Bb6 20. h4 e5 21.
Be2 Bf5 22. Qa4 e4 23. Nfd4 Nxd4 24. Nxd4 Bd7 25. Bb5 Bxd4 26. Rxd4 Bxb5 27.
Rxd8+ Rxd8 28. Qxb5 Rd2 29. h5 Qf6 30. Rf1 Rxb2 31. Qe8+ Kg7 32. hxg6 Qxg6 33.
Qe5+ Qf6 34. Qxe4 Ra2 35. Qg4+ Kh7 36. Qb4 Qb2 37. Qf8 Qf6 38. e4 Ra1 39. e5
Rxf1+ 40. Kxf1 Qxe5 41. Qxf7+ Kh8 42. Qf8+ Kh7 43. f4 Qe3 44. Qf7+ Kh8 45. Qf6+
Kh7 46. f5 Qc1+ 47. Ke2 Qc2+ 48. Kf3 Qb3+ 49. Kf2 Qa2+ 50. Kg1 Qxa3 51. Qg6+
Kh8 52. Qxh6+ Kg8 53. Qg6+ Kf8 54. f6 Qc1+ 55. Kh2 Qc7+ 56. Kh3 Qf7 57. Qf5
Qb3+ 58. Kh4 Kf7 59. g4 Qe3 60. Qd5+ Kxf6 61. g5+ Kg7 62. Qxb7+ Kg8 63. Qc8+
Kg7 64. Qd7+ Kg8 65. Qd8+ Kh7 66. Qc7+ Kg8 67. Qd8+ Kh7 68. Qd7+ Kg8 69. Kh5
Qe2+ 70. Kh6 Qh2+ 71. Kg6 Qc2+ 1/2-1/2

[Event "Qatar Masters Open 2014"]
[Site "Doha QAT"]
[Date "2014.11.30"]
[Round "5.39"]
[White "Wen, Yang"]
[Black "Sardana, Rishi"]
[Result "1/2-1/2"]
[WhiteElo "2586"]
[BlackElo "2415"]
[PlyCount "75"]
[EventDate "2014.11.26"]
[EventType "swiss"]
[EventRounds "9"]
[EventCountry "QAT"]
[Source "lmi"]
[SourceDate "2014.11.26"]

1. d4 d5 2. c4 c6 3. Nf3 Nf6 4. Nc3 dxc4 5. a4 Bf5 6. Ne5 Nbd7 7. Nxc4 Qc7 8.
g3 e5 9. dxe5 Nxe5 10. Bf4 Nfd7 11. Bg2 g5 12. Ne3 gxf4 13. Nxf5 O-O-O 14. Qc2
Nc5 15. O-O fxg3 16. hxg3 a5 17. Rad1 h5 18. Rxd8+ Qxd8 19. Rd1 Qf6 20. e3 Kb8
21. Ne2 Ne6 22. Ned4 Bb4 23. Nxe6 fxe6 24. Nh4 Rg8 25. b3 Ng4 26. Nf3 Rf8 27.
Rf1 Rd8 28. Qh7 Rh8 29. Qe4 Rf8 30. Qh7 Rh8 31. Qc2 Rd8 32. Nd4 e5 33. Nf3 Rd7
34. Qe4 Rf7 35. Qc4 Rf8 36. Qe4 Rf7 37. Qc4 Rf8 38. Qe4 1/2-1/2

[Event "Qatar Masters Open 2014"]
[Site "Doha QAT"]
[Date "2014.11.30"]
[Round "5.40"]
[White "Belyakov, Bogdan"]
[Black "Ju, Wenjun"]
[Result "1/2-1/2"]
[WhiteElo "2456"]
[BlackElo "2582"]
[PlyCount "52"]
[EventDate "2014.11.26"]
[EventType "swiss"]
[EventRounds "9"]
[EventCountry "QAT"]
[Source "lmi"]
[SourceDate "2014.11.26"]

1. e4 c5 2. c3 d5 3. exd5 Qxd5 4. d4 Nf6 5. Nf3 e6 6. Be2 Be7 7. O-O Nc6 8.
dxc5 Qxc5 9. Qa4 O-O 10. Be3 Qf5 11. Nh4 Qe5 12. Nf3 Qc7 13. Nbd2 Nd5 14. Bg5
f6 15. Bh4 e5 16. Rfe1 Be6 17. Bf1 Rad8 18. Bg3 Bf7 19. Nc4 a6 20. Ne3 Nxe3 21.
Rxe3 Bc5 22. Ree1 Ne7 23. Qc2 Bg6 24. Qb3+ Bf7 25. Qc2 Bg6 26. Qb3+ Bf7 1/2-1/2

[Event "Qatar Masters Open 2014"]
[Site "Doha QAT"]
[Date "2014.11.30"]
[Round "5.41"]
[White "Thejkumar, M. S."]
[Black "Jussupow, Artur"]
[Result "1/2-1/2"]
[WhiteElo "2443"]
[BlackElo "2581"]
[PlyCount "69"]
[EventDate "2014.11.26"]
[EventType "swiss"]
[EventRounds "9"]
[EventCountry "QAT"]
[Source "lmi"]
[SourceDate "2014.11.26"]

1. d4 Nf6 2. Nf3 d5 3. c4 e6 4. Nc3 Be7 5. Bf4 O-O 6. e3 c5 7. dxc5 Bxc5 8. Qc2
Nc6 9. a3 Bd7 10. Rd1 Rc8 11. Be2 dxc4 12. Bxc4 Be7 13. O-O Qb6 14. Ba2 Rfd8
15. Rd2 Be8 16. Rfd1 a6 17. h3 Qa5 18. Ng5 Rxd2 19. Rxd2 Rd8 20. Rxd8 Qxd8 21.
Bb1 g6 22. Nge4 Kg7 23. Bg5 Nxe4 24. Bxe7 Nxe7 25. Nxe4 Qa5 26. Qc5 Qxc5 27.
Nxc5 Bc6 28. Be4 b6 29. Bxc6 bxc5 30. Bb7 a5 31. Kf1 Nf5 32. Ke2 Nd6 33. Bc6
Kf8 34. Kd3 Ke7 35. Kc3 1/2-1/2

[Event "Qatar Masters Open 2014"]
[Site "Doha QAT"]
[Date "2014.11.30"]
[Round "5.42"]
[White "Xu, Yinglun"]
[Black "Gopal, G.N."]
[Result "1/2-1/2"]
[WhiteElo "2410"]
[BlackElo "2580"]
[PlyCount "80"]
[EventDate "2014.11.26"]
[EventType "swiss"]
[EventRounds "9"]
[EventCountry "QAT"]
[Source "lmi"]
[SourceDate "2014.11.26"]

1. d4 Nf6 2. c4 g6 3. Nc3 d5 4. Bg5 Ne4 5. Bf4 Nxc3 6. bxc3 Bg7 7. e3 c5 8. Nf3
O-O 9. cxd5 Qxd5 10. Qb3 Be6 11. Rb1 cxd4 12. Nxd4 Qxb3 13. axb3 Bd5 14. Bg5
Nc6 15. f3 h6 16. Bh4 Rfd8 17. Bd3 Rac8 18. c4 Be6 19. Nxe6 Rxd3 20. Ke2 Rc3
21. Nxg7 Rc2+ 22. Kd3 Nb4+ 23. Ke4 Kxg7 24. f4 f5+ 25. Kf3 e5 26. Rhc1 e4+ 27.
Kg3 Re2 28. Re1 Rxe1 29. Rxe1 Nd3 30. Ra1 a6 31. Kh3 Kf7 32. g4 Rc6 33. Ra5 Rc5
34. Ra1 Ke6 35. gxf5+ gxf5 36. Be1 Rc8 37. Kh4 Kf7 38. Kh5 Rc6 39. Bc3 Rb6 40.
Ra3 Rc6 1/2-1/2

[Event "Qatar Masters Open 2014"]
[Site "Doha QAT"]
[Date "2014.11.30"]
[Round "5.43"]
[White "Zhao, Jun"]
[Black "Vazquez, Guillermo"]
[Result "1-0"]
[WhiteElo "2578"]
[BlackElo "2374"]
[PlyCount "79"]
[EventDate "2014.11.26"]
[EventType "swiss"]
[EventRounds "9"]
[EventCountry "QAT"]
[Source "lmi"]
[SourceDate "2014.11.26"]

1. e4 c5 2. Nf3 e6 3. c3 d5 4. exd5 Qxd5 5. d4 Nf6 6. Na3 Nc6 7. Be2 Qd8 8. Nc2
Be7 9. O-O O-O 10. Ne5 cxd4 11. Nxc6 bxc6 12. Nxd4 Qc7 13. Bf3 Bd7 14. Qc2 Rab8
15. g3 Rfe8 16. Re1 Bf8 17. Bg5 Nd5 18. Bg2 g6 19. Qc1 Bg7 20. Nb3 Qb6 21. Rd1
Bc8 22. c4 Nb4 23. Bf4 Nxa2 24. Rxa2 e5 25. Be3 Qxb3 26. Ra3 Qxb2 27. Qxb2 Rxb2
28. Bxc6 Rf8 29. Rxa7 Be6 30. Bd5 Bxd5 31. cxd5 Rd8 32. Rc1 Bf8 33. Rcc7 f6 34.
Rxh7 Rxd5 35. Bh6 Bxh6 36. Rxh6 Rd6 37. Rxg6+ Kf8 38. Rgg7 e4 39. Rgf7+ Kg8 40.
Rfe7 1-0

[Event "Qatar Masters Open 2014"]
[Site "Doha QAT"]
[Date "2014.11.30"]
[Round "5.44"]
[White "Gabuzyan, Hovhannes"]
[Black "Konguvel, Ponnuswamy"]
[Result "1/2-1/2"]
[WhiteElo "2565"]
[BlackElo "2347"]
[PlyCount "81"]
[EventDate "2014.11.26"]
[EventType "swiss"]
[EventRounds "9"]
[EventCountry "QAT"]
[Source "lmi"]
[SourceDate "2014.11.26"]

1. Nf3 g6 2. e4 c5 3. g3 Nc6 4. Bg2 Bg7 5. O-O Nf6 6. Re1 O-O 7. c3 d6 8. h3 e5
9. Na3 h6 10. d3 Re8 11. Nc4 Be6 12. Qe2 Qc7 13. a4 Rad8 14. a5 b5 15. axb6
axb6 16. Ne3 b5 17. Nh2 Na5 18. Nhg4 Nxg4 19. hxg4 Nb3 20. Rb1 Qd7 21. f4 exf4
22. gxf4 Nxc1 23. Rbxc1 Bb3 24. Qf3 b4 25. Rf1 bxc3 26. bxc3 Qb5 27. c4 Qa5 28.
Rb1 Bd4 29. Rxb3 Qd2 30. Kh1 Qxe3 31. Qxe3 Bxe3 32. Rb7 Rb8 33. Ra7 Ra8 34.
Rxa8 Rxa8 35. e5 Ra6 36. Bd5 Kg7 37. Kg2 Bd4 38. f5 Ra2+ 39. Kh1 Bxe5 40. fxg6
Kxg6 41. Rf5 1/2-1/2

[Event "Qatar Masters Open 2014"]
[Site "Doha QAT"]
[Date "2014.11.30"]
[Round "5.45"]
[White "Asgarizadeh, Ahmad"]
[Black "Ghaem Maghami, Ehsan"]
[Result "1/2-1/2"]
[WhiteElo "2371"]
[BlackElo "2559"]
[PlyCount "81"]
[EventDate "2014.11.26"]
[EventType "swiss"]
[EventRounds "9"]
[EventCountry "QAT"]
[Source "lmi"]
[SourceDate "2014.11.26"]

1. e4 c5 2. Nf3 d6 3. d4 cxd4 4. Nxd4 Nf6 5. Nc3 a6 6. Be3 e6 7. Be2 Nbd7 8. f4
Qc7 9. a4 b6 10. Bf3 Bb7 11. Nb3 Be7 12. O-O O-O 13. Qe2 Rfe8 14. Rad1 Rac8 15.
Qf2 e5 16. f5 h6 17. g4 d5 18. exd5 e4 19. Be2 Bb4 20. Bf4 Ne5 21. Qe3 Bxc3 22.
d6 Qd7 23. bxc3 Nf3+ 24. Kg2 Nxg4 25. Qxb6 Qxf5 26. Bg3 Bc6 27. h3 Nf6 28. Nd4
Qd7 29. Nxc6 Rxc6 30. Qe3 Nh5 31. Bh2 Nf6 32. Bxf3 exf3+ 33. Qxf3 Ne4 34. Rd3
Re6 35. Qxf7+ Qxf7 36. Rxf7 Nxd6 37. Rff3 Ne4 38. Bg1 Ng5 39. Rfe3 Rg6 40. Rg3
Ne4 41. Rxg6 1/2-1/2

[Event "Qatar Masters Open 2014"]
[Site "Doha QAT"]
[Date "2014.11.30"]
[Round "5.46"]
[White "Gao, Rui"]
[Black "Vijayalakshmi, Subbaraman"]
[Result "1/2-1/2"]
[WhiteElo "2523"]
[BlackElo "2335"]
[PlyCount "77"]
[EventDate "2014.11.26"]
[EventType "swiss"]
[EventRounds "9"]
[EventCountry "QAT"]
[Source "lmi"]
[SourceDate "2014.11.26"]

1. e4 c5 2. Nf3 Nc6 3. d4 cxd4 4. Nxd4 e5 5. Nb5 d6 6. c4 a6 7. N5c3 Nf6 8. Be2
Be7 9. O-O Nd4 10. Be3 Nxe2+ 11. Qxe2 O-O 12. Rd1 Be6 13. Nd2 Rc8 14. Rac1 Qa5
15. f3 Rfd8 16. a3 Qc7 17. Qf2 Nd7 18. b4 h6 19. Nb3 Qb8 20. Nd5 Bxd5 21. cxd5
Rxc1 22. Rxc1 Rc8 23. Qd2 Bd8 24. a4 Nb6 25. Rxc8 Qxc8 26. a5 Qc4 27. Nc1 Na4
28. Ne2 Qb3 29. Nc1 Qc4 30. Ne2 h5 31. h3 h4 32. Kh2 Bf6 33. Bf2 Kh7 34. Be3
Kg6 35. Qe1 Nb2 36. Nc1 Na4 37. Ne2 Nb2 38. Nc1 Na4 39. Ne2 1/2-1/2

[Event "Qatar Masters Open 2014"]
[Site "Doha QAT"]
[Date "2014.11.30"]
[Round "5.47"]
[White "Libiszewski, Fabien"]
[Black "Foisor, Sabina-Francesca"]
[Result "1-0"]
[WhiteElo "2522"]
[BlackElo "2270"]
[PlyCount "137"]
[EventDate "2014.11.26"]
[EventType "swiss"]
[EventRounds "9"]
[EventCountry "QAT"]
[Source "lmi"]
[SourceDate "2014.11.26"]

1. e4 e6 2. d3 d5 3. Nd2 Nf6 4. Ngf3 Nc6 5. Be2 e5 6. O-O Be7 7. a3 a5 8. b3
O-O 9. Bb2 d4 10. c3 Ne8 11. cxd4 exd4 12. Rc1 Ra6 13. Ne1 Na7 14. f4 f5 15.
Nc4 c5 16. g3 Nc6 17. Nf3 Nf6 18. Nce5 Nxe5 19. Nxe5 Nd7 20. Nc4 b5 21. Nd2 Bb7
22. a4 b4 23. Bf3 Qa8 24. Re1 Bd6 25. Qc2 Kh8 26. Re2 Nf6 27. Rce1 Rg8 28. Bg2
Bf8 29. Nc4 g5 30. fxg5 Rxg5 31. Bc1 Rg8 32. exf5 Bxg2 33. Rxg2 Qf3 34. Bf4 Nd5
35. Be5+ Bg7 36. Rf2 Qh5 37. Qe2 Qxe2 38. Rexe2 Rf8 39. Bd6 Rxd6 40. Nxd6 Bh6
41. Rf3 Be3+ 42. Kg2 Kg7 43. Rc2 Nc3 44. Nc4 Re8 45. Nxa5 Kf6 46. Nc4 h5 47. a5
Ra8 48. Nxe3 dxe3 49. Rxe3 Rxa5 50. Rf2 Ra3 51. Re6+ Kf7 52. Re5 Rxb3 53. f6
Nd1 54. Re7+ Kf8 55. Rf3 Rb2+ 56. Kh3 Rf2 57. Rxf2 Nxf2+ 58. Kh4 Nxd3 59. Kxh5
b3 60. Rb7 c4 61. Kg6 Ne5+ 62. Kf5 Nc6 63. Ke4 Na5 64. Rb5 c3 65. Kd3 c2 66.
Kd2 Nc4+ 67. Kc1 b2+ 68. Rxb2 Nxb2 69. Kxb2 1-0

[Event "Qatar Masters Open 2014"]
[Site "Doha QAT"]
[Date "2014.11.30"]
[Round "5.48"]
[White "Al-Sayed, Mohammed"]
[Black "Christiansen, Johan-Sebastian"]
[Result "1-0"]
[WhiteElo "2507"]
[BlackElo "2310"]
[PlyCount "103"]
[EventDate "2014.11.26"]
[EventType "swiss"]
[EventRounds "9"]
[EventCountry "QAT"]
[Source "lmi"]
[SourceDate "2014.11.26"]

1. Nf3 d5 2. g3 Bg4 3. Bg2 Nd7 4. c4 e6 5. cxd5 exd5 6. O-O Ngf6 7. d3 c6 8.
Qc2 Be7 9. e4 O-O 10. Nc3 Rc8 11. h3 Bxf3 12. Bxf3 d4 13. Ne2 c5 14. Bf4 Qb6
15. e5 Ne8 16. Nxd4 g5 17. Nf5 Bd8 18. Bd2 Nxe5 19. Bg2 Qe6 20. Ne3 Qd7 21. Bc3
Nc6 22. Rfe1 Nd4 23. Qd1 Ng7 24. Nd5 Rc6 25. Bxd4 cxd4 26. Qa4 Ne6 27. Kh2 a6
28. Re5 Kg7 29. Rae1 Bc7 30. Nxc7 Rxc7 31. Qxd7 Rxd7 32. Bd5 Rd6 33. Bxe6 fxe6
34. Rxg5+ Kf6 35. Rc5 Rc6 36. Rxc6 bxc6 37. Kg2 Rb8 38. b3 Rb5 39. Rc1 c5 40.
f4 a5 41. Kf3 h5 42. Rc4 Ke7 43. Ke4 Kd6 44. Ra4 Ke7 45. g4 hxg4 46. hxg4 Kf6
47. Rc4 Ke7 48. Ke5 Kd7 49. g5 Ke7 50. g6 a4 51. bxa4 Rb2 52. Rxc5 1-0